000 01240nam a2200241Ia 4500
001 227
005 20251203123020.0
008 251203t2000||||xx |||||||||||||| ||spa||
020 _a997200362X
041 _aESP
082 _aRDE 036
_bS25
110 _aSantillana
245 0 _aDiccionario enciclopédico Santillana :
_bTomo 1-16
250 _aPrimera edición, segunda reimpresión
260 _aMadrid :
_bSantillana,
_c2000
300 _axvi, 200 páginas :
_b ilustraciones, fotografías ;
_c 28 cm.
_e
440 _a
_n
_v
505 _aContiene: Tomo 1: A/ Asturias. – Tomo 2: Astutamente/ Carmelitano. – Tomo 3: Carmelo/ Cuatrocientos. – Tomo 4: Cuauhtémoc/ Edición. – Tomo 5: Edicto/ Familia. – Tomo 6: Familiar/ Harlem. – Tomo 7: Harlow, Jean/ Jónico. - Tomo 8: Jónico, Mar/ Marruecos. – Tomo 9: Marruecos, Guerra de/ Nómina. – Tomo 10: Nominación/ Perro. – Tomo 11: Perro/ Rastrear. – Tomo 12: Rastrelli, Bartolomeo Francesco/ Sarpullir. – Tomo 13: Sarraceno/ Teodorico. – Tomo 14: Teodorico/ Venturoso. – Tomo 15: Vénula/ Zworykin / ATLAS. – Tomo 16: Apéndice.
650 _aGEN
653 _aObras enciclopédicas en Español; Diccionario
654 _aCTP
942 _cDIC
_dJUS
_fMAT
_2ddc
_n
999 _c227
_d227